The measure of a family. (Record no. 14577)

000 -LEADER
fixed length control field 00633nam a2200193 a 4500
001 - CONTROL NUMBER
control field :::00012409$&:&@@
003 - CONTROL NUMBER IDENTIFIER
control field OkBaRHE
005 - DATE AND TIME OF LATEST TRANSACTION
control field 20000607103419.0
008 - FIXED-LENGTH DATA ELEMENTS--GENERAL INFORMATION
fixed length control field s1976 j 000 0 eng u
040 ## - CATALOGING SOURCE
Transcribing agency
100 1# - MAIN ENTRY--PERSONAL NAME
Personal name Getz, Gene A.
245 14 - TITLE STATEMENT
Title The measure of a family.
260 ## - PUBLICATION, DISTRIBUTION, ETC. (IMPRINT)
Place of publication, distribution, etc Glendale, CA., :
Name of publisher, distributor, etc G/L Regal
Date of publication, distribution, etc c1976
300 ## - PHYSICAL DESCRIPTION
Extent 190 p. ;
Dimensions 18 cm.
650 ## - SUBJECT ADDED ENTRY--TOPICAL TERM
Topical term or geographic name as entry element Family
General subdivision Religious Life
942 ## - ADDED ENTRY ELEMENTS (KOHA)
Source of classification or shelving scheme
Koha item type Books
Copies
Not for loan Date acquired Lost status Koha item type Permanent Location Withdrawn status Damaged status Shelving location Barcode Full call number Source of classification or shelving scheme Price effective from Copy number Date last seen
 2010-04-14 BooksRHEMA Bible Training College  General Stacks12409HQ 728 .G388 2010-04-1412010-04-14
 2010-04-14 BooksRHEMA Bible Training College  General Stacks19634HQ 728 .G388 2010-04-1422010-04-14